00854nam a2200193 a 450000100100000000500170001000800410002702000180006804000250008610000250011124500460013626000470018230000210022950000570025095201200030795201050042795201110053299900170064300004047620201002034145.0130826s2013 dr 000 0 spa d a9789945867374 aDO-SdBNPbspacBNPHU1 aCerda, Nelson95246614aUna vida para el éxito /cNelson Cerda. aSanto Domingo :bNuevos Ciudadanos,c2013. a148 p. ;c22 cm. aIncluye datos biográficos del autor en las solapas 001054708DSaGRbGRcCTd2013-08-26iLF1l0o p40476-30r2020-06-25te. 3w2020-06-25yLFDSZPréstamo en sala 0010718PDaPDbPDcCTd2013-08-26iLF1l0o p40476-10r2020-06-25w2020-06-25yLFPDZNo se presta 0010718PDaPDbPDcCTd2013-08-26iLF1l0o p40476-20r2020-06-25te. 2w2020-06-25yLFPDZNo se presta c39966d39966